00520cam a2200169 i 4500008004100000020002500041100002000066245008700086260003200173300002400205500002000229504004100249650003300290003000100323005001700324040000900341  a9781446201725 (pbk.)1 aGrimley, Bruce.10aTheory and practice of NLP coaching :ba psychological approach /cBruce, Grimley. aLos Angeles :bSAGE,c2013. avi, 217 p. ;c25 cm aIncludes index. aIncludes bibliographical references. 0aNeurolinguistic programming.20230123122243.0 cNUST